000 01835nam a2200313 a 4500
003 CO-PeBPR
005 20260501114715.0
008 260415e2024 ck a|||| n||| 00| 0 spa c
020 _a9789588887449
040 0 _aCO-PeBPR
_bspa
_cCO-PeBPR
_erda
041 0 _hspa
082 0 4 _aCo864 G516s
100 1 _aGiraldo, Efrén
_eautor
245 _aSumario de plantas oficiosas
_b: un ensayo sobre la memoria de la flora
_c/ Efrén Giraldo
250 _aEdición especial
264 1 _aBogotá, Colombia
_b: Luna Libros
_c, 2024
300 _a317 páginas
_b: ilustraciones en blanco y negro
_c; 18 centímetros
336 _atexto
_btxt
_crdacontenido
337 _asin mediación
_bn
_2rdamedio
338 _avolumen
_bnc
_2rdasoporte
500 _aIncluye índice.
520 _aLos textos de este libro hablan sobre trasplantes extinciones e invasiones y buscan contribuir al inventario de ficciones e iconografías de las plantas. Reúnen especies reales e imaginarias provenientes de intereses preferencias e historias de vida propias y ajenas. Forman una especie de diario imaginario sobre presencias y ausencias representaciones y perplejidades de la flora en un momento de dificultad extrema. Pretenden armar una constelación de ornamentos árboles comidas venenos y seres vegetales conocidos y no conocidos. Provienen del recuerdo y la experiencia, pero también de diversas representaciones literarias, científicas y artísticas que demuestran que las plantas se mueven y aprovechan para ello su gran inteligencia... Tomado de la contra cubierta del libro.
521 _aRecomendado para jóvenes y adultos.
650 1 4 _2LEMB
_aEnsayos colombianos
650 1 4 _2LEMB
_aEtnobotánica
_xEnsayos
650 1 4 _2LEMB
_aRelación hombre
_xNaturaleza
_vEnsayos
650 1 4 _2LEMB
_aPlantas medicinales
_xEnsayo
942 _2ddc
_cBKLIT
999 _c17837
_d17837